000 00420nam a2200145Ia 4500
041 _aKurdish
082 _a491,018 cut-928 پ
100 _a20260118u\\\\\\\\\\\y0engy0103\\\\ba
100 _aکۆمەڵیک نووسەر
245 0 _aچەند بابەتێکى کوردناسى
250 _aچ1
260 _bچاپخانەیى زانکۆى سەلاحەددین
_aهەوڵیر
_c2023
300 _a368
942 _cBk
999 _c188352
_d188352